Govt. of
Madhya Pradesh

प्राचीन भारत में विज्ञान (Record no. 68880)

MARC details
000 -LEADER
fixed length control field 00343nam a22000977a 4500
082 ## - DEWEY DECIMAL CLASSIFICATION NUMBER
Classification number 954
100 ## - MAIN ENTRY--AUTHOR NAME
Personal name ओझा, डॉ. डी. डी.
245 ## - TITLE STATEMENT
Title प्राचीन भारत में विज्ञान
260 ## - PUBLICATION, DISTRIBUTION, ETC. (IMPRINT)
Place of publication दिल्‍ली
Name of publisher सत्‍साहित्‍य प्रकाशन
Year of publication 2025
942 ## - ADDED ENTRY ELEMENTS (KOHA)
Koha item type Books
Holdings
Withdrawn status Lost status Damaged status Not for loan Home library Current library Date acquired Cost, normal purchase price Full call number Accession Number Price effective from Koha item type
        MACL MACL 28/03/2026 500.00 954 CRH039062 28/03/2026 Books